00683nam a2200217Ia 4500003000900000008004100009020002200050040001600072080001300088100001800101245004800119250001200167260003200179300001400211490004100225650002300266650001100289942000700300999001700307952014100324IN-BaIIA211028s9999 xx 000 0 eng d a978-1-439-80858-0 cIIA Library a535bTYS aTyson, Robert 0aPrinciples of adaptive opticscRobert Tyson a3rd ed. aBoca RatonbCRC Pressc2011 axv, 299p. aSeries in optics and optoelectronics aAberrations913746 aOptics cBK c18540d18540 00104070aBANbBANcGENd2013-03-11eANJ g5344.00l1o535/ TYSp19462r2026-04-22s2026-04-22v5344.00w2013-03-11yBKGRs. 5344.00